Communes de la communauté urbaine Le Havre Seine Métropole - Carte - Statistiques

Statistiques générales
  • Ce quiz a été pris 106 fois
  • Le résultat moyen est 16 sur 54
Réponses sur la Carte
Les réponses sont colorées sur une échelle allant du rouge au vert en fonction du pourcentage des utilisateurs qui les ont devinées à leur premier essai. Vous pouvez retrouver ces pourcentages ci-dessous.
 
Statistiques - réponses
Pop. Commune % Correct
166 058 Le Havre
97%
15 457 Montivilliers
84%
7 116 Sainte-Adresse
81%
1 233 Étretat
71%
8 961 Gonfreville-l'Orcher
70%
6 122 Octeville-sur-Mer
65%
8 315 Harfleur
64%
4 436 Saint-Romain-de-Colbosc
51%
1 829 Saint-Jouin-Bruneval
45%
2 635 Fontaine-la-Mallet
43%
2 641 Épouville
42%
2 511 Gainneville
39%
800 Sandouville
39%
2 567 Criquetot-l'Esneval
35%
1 618 Cauville-sur-Mer
32%
1 488 Saint-Laurent-de-Brèvedent
32%
643 Saint-Martin-du-Bec
32%
1 459 Saint-Martin-du-Manoir
32%
1 264 Manéglise
30%
479 Oudalle
30%
1 954 Saint-Aubin-Routot
30%
1 210 Étainhus
29%
1 706 Rogerville
29%
1 394 Angerville-l'Orcher
27%
1 743 Fontenay
26%
918 Mannevillette
26%
1 207 Rolleville
25%
854 Sainneville
25%
1 167 Saint-Vigor-d'Ymonville
25%
1 550 Turretot
25%
720 Heuqueville
23%
676 Le Tilleul
23%
453 La Poterie-Cap-d'Antifer
21%
1 363 Gonneville-la-Mallet
19%
783 Épretot
18%
1 297 La Cerlangue
18%
1 285 La Remuée
17%
797 Les Trois-Pierres
17%
729 Gommerville
16%
701 Saint-Vincent-Cramesnil
16%
643 Bordeaux-Saint-Clair
14%
668 Anglesqueville-l'Esneval
10%
351 Hermeville
10%
457 Notre-Dame-du-Bec
10%
363 Sainte-Marie-au-Bosc
10%
612 Graimbouville
9%
440 Vergetot
9%
292 Villainville
9%
493 Beaurepaire
8%
342 Cuverville
8%
132 Pierrefiques
8%
175 Bénouville
6%
179 Fongueusemare
6%
651 Saint-Gilles-de-la-Neuville
5%
Aucun quiz correspondant
Distribution des résultats
% des personnes avec chaque résultat
Percentile par nombre de réponses
Votre historique - résultats
Vous n’avez pas pris ce quiz